[Event "CAN-ch w"]
[Site "Toronto CAN"]
[Date "1996.08.25"]
[Round "9"]
[White "Mongeau, Diane"]
[Black "Starr (Shterenberg), Nava"]
[Result "0-1"]
[WhiteElo "1941"]
[BlackElo "2210"]
[PlyCount "86"]
[EventDate "1996.08.17"]
[EventType "tourn"]
[EventRounds "9"]
[EventCountry "CAN"]
[Source "ChessBase"]
[SourceDate "2000.11.22"]

1. d4 g6 2. e4 Bg7 3. c3 c6 4. Bf4 d5 5. Nd2 Nh6 6. Ngf3 f6 7. Bd3 Nf7 8. e5
O-O 9. O-O Bg4 10. h3 fxe5 11. dxe5 Bxe5 12. Bxe5 Nxe5 13. hxg4 Nxd3 14. Qc2
Nc5 15. Rae1 b5 16. Nd4 Rf6 17. b4 Nb7 18. N2f3 Nd7 19. Ne6 Qb6 20. g5 Rf7 21.
Nfd4 Nd8 22. Qe2 Nf8 23. g3 Ndxe6 24. Nxe6 a5 25. a3 axb4 26. axb4 Nxe6 27.
Qxe6 Qc7 28. f4 Qc8 29. Qe2 Qh3 30. Qe3 e5 31. Qxe5 Qxg3+ 32. Kh1 Qh3+ 33. Kg1
Raf8 34. Qe6 Qxe6 35. Rxe6 Rxf4 36. Rxf4 Rxf4 37. Rxc6 d4 38. cxd4 Rxd4 39. Kf2
Rxb4 40. Ke3 Kf7 41. Rb6 Ke7 42. Kf3 Kd7 43. Rb7+ Ke6 0-1

[Event "CAN-ch w"]
[Site "Toronto CAN"]
[Date "1996.08.25"]
[Round "9"]
[White "Walker, Erin"]
[Black "Chu, Stefanie"]
[Result "0-1"]
[WhiteElo "1547"]
[BlackElo "1990"]
[PlyCount "86"]
[EventDate "1996.08.17"]
[EventType "tourn"]
[EventRounds "9"]
[EventCountry "CAN"]
[Source "ChessBase"]
[SourceDate "2000.11.22"]

1. e4 c5 2. c3 d5 3. exd5 Qxd5 4. d4 e6 5. Nf3 Nf6 6. Be3 cxd4 7. cxd4 Nc6 8.
Nc3 Bb4 9. Qc2 O-O 10. Be2 b6 11. O-O Bxc3 12. Qxc3 Bb7 13. b3 Rac8 14. Rac1
Rfd8 15. Rfd1 Ne7 16. Qb2 Nf5 17. Bg5 Kh8 18. h3 Rxc1 19. Qxc1 Rc8 20. Qb2 Ne4
21. Bf4 b5 22. Rc1 Rxc1+ 23. Qxc1 Nxd4 24. Nxd4 Qxd4 25. Be3 Qd5 26. Bxa7 Ng3
27. Bf3 Qxf3 28. gxf3 Ne2+ 29. Kg2 Nxc1 30. Bc5 Nxa2 31. b4 Kg8 32. Kg3 f6 33.
Kg4 Kf7 34. Kf4 Nc1 35. Ke3 e5 36. f4 exf4+ 37. Kxf4 Nd3+ 38. Ke3 Nxc5 39. bxc5
Ke6 40. Kd4 Bc6 41. h4 Kf5 42. Kd3 Kg4 43. Ke3 Kxh4 0-1

[Event "CAN-op"]
[Site "Calgary CAN"]
[Date "1996.07.13"]
[Round "1"]
[White "Davies, Jordan"]
[Black "Gentes, Kevin"]
[Result "0-1"]
[WhiteElo "1790"]
[BlackElo "2373"]
[PlyCount "84"]
[EventDate "1996.07.13"]
[EventType "swiss"]
[EventRounds "10"]
[EventCountry "CAN"]
[SourceDate "2003.08.17"]

1. Nf3 Nf6 2. g3 g6 3. Bg2 Bg7 4. O-O O-O 5. Nc3 d5 6. d4 b6 7. Bg5 Bb7 8. Bxf6
exf6 9. Nd2 f5 10. e3 Re8 11. Ne2 Nd7 12. c4 c6 13. Nf4 Nf6 14. Qb3 Ne4 15.
Nxe4 dxe4 16. c5 Rb8 17. Rab1 bxc5 18. dxc5 Qe7 19. Qc2 Ba6 20. Rfd1 g5 21. Nh5
Bd3 22. Rxd3 exd3 23. Qxd3 Qxc5 24. Nxg7 Kxg7 25. Qd2 Red8 26. Qe1 Qc2 27. Rc1
Qd2 28. Qxd2 Rxd2 29. Rxc6 Rd1+ 30. Bf1 Rxb2 31. Kg2 Rdd2 32. Kg1 Rxf2 33. Rc1
Rxa2 34. Kh1 Rxh2+ 35. Kg1 a5 36. Rb1 a4 37. Re1 a3 38. Rb1 Rab2 39. Ra1 a2 40.
Bd3 Rbg2+ 41. Kf1 Rh1+ 42. Kxg2 Rxa1 0-1

[Event "CAN-op"]
[Site "Calgary CAN"]
[Date "1996.07.13"]
[Round "1"]
[White "Day, Lawrence"]
[Black "Taylor, Nicholas"]
[Result "1-0"]
[WhiteElo "2431"]
[BlackElo "1820"]
[PlyCount "42"]
[EventDate "1996.07.13"]
[EventType "swiss"]
[EventRounds "10"]
[EventCountry "CAN"]
[SourceDate "2003.08.17"]

1. Nf3 f5 2. d3 e6 3. e4 fxe4 4. dxe4 b6 5. Bd3 Bb7 6. O-O Nc6 7. Re1 e5 8. Bc4
Nf6 9. Ng5 Na5 10. Bf7+ Ke7 11. Bd5 h6 12. Nf7 Qe8 13. Nxh8 g5 14. b4 Nc6 15.
Bf7 Qc8 16. Bb3 Nd4 17. Ng6+ Ke8 18. Nxe5 Nxb3 19. axb3 Bxb4 20. c3 Bf8 21. Ng4
Bg7 1-0

[Event "CAN-op"]
[Site "Calgary CAN"]
[Date "1996.07.13"]
[Round "1"]
[White "Dougherty, Michael"]
[Black "Kuiper, Ronald"]
[Result "1-0"]
[WhiteElo "2330"]
[BlackElo "1795"]
[PlyCount "27"]
[EventDate "1996.07.13"]
[EventType "swiss"]
[EventRounds "10"]
[EventCountry "CAN"]
[SourceDate "2003.08.17"]

1. e4 c5 2. Nf3 Nf6 3. e5 Nd5 4. Bc4 e6 5. Nc3 Nxc3 6. dxc3 d5 7. exd6 Qxd6 8.
Qe2 a6 9. Bg5 Be7 10. Rd1 Qc7 11. a4 Bxg5 12. Nxg5 Nd7 13. Nxf7 O-O 14. Nd6 1-0

[Event "CAN-op"]
[Site "Calgary CAN"]
[Date "1996.07.13"]
[Round "1"]
[White "Henson, Joshua"]
[Black "Mills, Alec"]
[Result "1/2-1/2"]
[WhiteElo "1935"]
[BlackElo "1366"]
[PlyCount "40"]
[EventDate "1996.07.13"]
[EventType "swiss"]
[EventRounds "10"]
[EventCountry "CAN"]
[SourceDate "2003.08.17"]

1. e4 e5 2. Nf3 Nc6 3. Bb5 a6 4. Bxc6 dxc6 5. O-O Bd6 6. d4 exd4 7. Qxd4 f6 8.
e5 fxe5 9. Nxe5 Nf6 10. Re1 O-O 11. Qc4+ Nd5 12. Nd2 Qf6 13. Ndf3 Bxe5 14. Rxe5
Bh3 15. Qe2 Nf4 16. Bxf4 Qxf4 17. gxh3 Qxf3 18. Qxf3 Rxf3 19. Re7 Raf8 20. Rf1
Rc8 1/2-1/2

[Event "CAN-op"]
[Site "Calgary CAN"]
[Date "1996.07.13"]
[Round "1"]
[White "Huber, Greg"]
[Black "Faust, Steven"]
[Result "1-0"]
[WhiteElo "2381"]
[BlackElo "1910"]
[PlyCount "69"]
[EventDate "1996.07.13"]
[EventType "swiss"]
[EventRounds "10"]
[EventCountry "CAN"]
[SourceDate "2003.08.17"]

1. e4 e6 2. d4 d5 3. Nd2 Nf6 4. e5 Nfd7 5. Bd3 c5 6. c3 Nc6 7. Ne2 cxd4 8. cxd4
Qb6 9. O-O Nxd4 10. Nxd4 Qxd4 11. Nf3 Qb6 12. Qa4 Be7 13. Be3 Qd8 14. Qg4 Kf8
15. Rac1 b6 16. Qg3 Nc5 17. Bb1 Bb7 18. Nd4 a6 19. f4 Rc8 20. f5 Ne4 21. Rxc8
Bxc8 22. Bxe4 dxe4 23. fxe6 f6 24. Nc6 Qe8 25. Nxe7 Qxe7 26. exf6 gxf6 27. Qe5
Kg7 28. Qg3+ Kf8 29. Qh4 Bxe6 30. Rxf6+ Ke8 31. Qh5+ Kd7 32. Rf1 Kc6 33. Qe5
Re8 34. Qxe4+ Bd5 35. Rc1+ 1-0

[Event "CAN-op"]
[Site "Calgary CAN"]
[Date "1996.07.13"]
[Round "1"]
[White "McKay, Tom"]
[Black "Brodie, Hugh"]
[Result "0-1"]
[WhiteElo "1614"]
[BlackElo "2048"]
[PlyCount "106"]
[EventDate "1996.07.13"]
[EventType "swiss"]
[EventRounds "10"]
[EventCountry "CAN"]
[SourceDate "2003.08.17"]

1. e4 c5 2. Nf3 Nc6 3. d4 cxd4 4. Nxd4 g6 5. Be3 Bg7 6. Nc3 Nf6 7. Bc4 Qa5 8.
f3 Qb4 9. Bb3 Nxe4 10. Nxc6 Bxc3+ 11. bxc3 Qxc3+ 12. Ke2 dxc6 13. Qd4 Qxd4 14.
Bxd4 Nf6 15. Rhe1 O-O 16. Kf2 Be6 17. Bxe6 fxe6 18. Rxe6 Kf7 19. Rae1 Rfe8 20.
Bc5 Ng8 21. R6e4 b6 22. Rf4+ Nf6 23. Bd4 Rad8 24. Bc3 Rd6 25. g4 g5 26. Rf5 Rd5
27. Rxd5 Nxd5 28. Bd2 Kf6 29. Kg3 b5 30. a3 h6 31. h4 e5 32. h5 Re6 33. Kf2 Ke7
34. Kg3 Kd6 35. Re4 c5 36. Kf2 Re7 37. Kg3 Nb6 38. Kf2 Nc4 39. Bc1 Kd5 40. Ke2
Re6 41. Kd3 Ra6 42. Ke2 Nxa3 43. Bxa3 Rxa3 44. Kf2 Ra6 45. Kg3 Rd6 46. Kf2 a5
47. Kf1 a4 48. Kf2 a3 49. Kf1 a2 50. Re1 Kc4 51. Ra1 Ra6 52. Ke1 Kc3 53. Kd1
Kb2 0-1

[Event "CAN-op"]
[Site "Calgary CAN"]
[Date "1996.07.13"]
[Round "1"]
[White "Pellerin, Frank"]
[Black "Yoos, John"]
[Result "0-1"]
[WhiteElo "1824"]
[BlackElo "2445"]
[PlyCount "44"]
[EventDate "1996.07.13"]
[EventType "swiss"]
[EventRounds "10"]
[EventCountry "CAN"]
[SourceDate "2003.08.17"]

1. e4 g6 2. d4 Bg7 3. Nf3 d6 4. Nc3 Nf6 5. Bc4 Bg4 6. Be3 O-O 7. O-O Nc6 8. Bb3
e5 9. d5 Nd4 10. Bxd4 exd4 11. Qxd4 Bxf3 12. gxf3 Nh5 13. Qe3 Be5 14. Ne2 Qh4
15. Ng3 f5 16. f4 Nxf4 17. Qf3 Nh3+ 18. Kh1 f4 19. Ne2 Ng5 20. Qd3 f3 21. Ng3
Rf4 22. Rg1 Qxh2+ 0-1

[Event "CAN-op"]
[Site "Calgary CAN"]
[Date "1996.07.13"]
[Round "1"]
[White "Smirin, Ilia"]
[Black "Cyncore, Dauwyn"]
[Result "1-0"]
[WhiteElo "2625"]
[BlackElo "1929"]
[PlyCount "57"]
[EventDate "1996.07.13"]
[EventType "swiss"]
[EventRounds "10"]
[EventCountry "CAN"]
[SourceDate "2003.08.17"]

1. e4 c5 2. Nf3 Nc6 3. d4 cxd4 4. Nxd4 e5 5. Nb5 d6 6. N1c3 a6 7. Na3 Be6 8.
Nc4 b5 9. Ne3 Nf6 10. Ned5 Bxd5 11. Nxd5 Nxd5 12. Qxd5 Rc8 13. c3 Be7 14. a4
Qa5 15. b4 Nxb4 16. cxb4 Qxb4+ 17. Bd2 Qb2 18. Qa2 Qd4 19. axb5 Qxe4+ 20. Kd1
axb5 21. Bxb5+ Kf8 22. f3 Qd4 23. Ke2 Rg8 24. Rhc1 Rd8 25. Qc4 Qh4 26. Qxh4
Bxh4 27. Rc7 h6 28. Bc4 d5 29. Bb4+ 1-0

[Event "CAN-op"]
[Site "Calgary CAN"]
[Date "1996.07.13"]
[Round "1"]
[White "Spraggett, Kevin"]
[Black "Emo, Rod"]
[Result "1-0"]
[WhiteElo "2600"]
[BlackElo "1834"]
[PlyCount "51"]
[EventDate "1996.07.13"]
[EventType "swiss"]
[EventRounds "10"]
[EventCountry "CAN"]
[SourceDate "2003.08.17"]

1. e4 c5 2. Nf3 Nc6 3. d4 cxd4 4. Nxd4 Nf6 5. Nc3 e5 6. Ndb5 d6 7. Bg5 a6 8.
Na3 b5 9. Nd5 Be7 10. Bxf6 Bxf6 11. c3 Bg5 12. Nc2 Be6 13. Be2 Ne7 14. Ncb4
Nxd5 15. Nxd5 O-O 16. O-O Rc8 17. a4 Bxd5 18. Qxd5 Qb6 19. axb5 Rc5 20. Rxa6
Rxd5 21. Rxb6 Rd2 22. Bc4 Rxb2 23. Rxd6 Rc2 24. b6 Rxc3 25. Rc6 Ra3 26. b7 1-0

[Event "CAN-op"]
[Site "Calgary CAN"]
[Date "1996.07.13"]
[Round "1.62"]
[White "Regimbald, Adrien"]
[Black "Strojevs, Alexander"]
[Result "0-1"]
[WhiteElo "1326"]
[BlackElo "1927"]
[PlyCount "82"]
[EventDate "1996.07.13"]
[EventType "swiss"]
[EventRounds "10"]
[EventCountry "CAN"]

1. c4 c5 2. Nf3 Nf6 3. Nc3 Nc6 4. d4 cxd4 5. Nxd4 g6 6. g3 Bg7 7. Bg2 O-O 8.
Nxc6 dxc6 9. Qxd8 Rxd8 10. O-O Be6 11. b3 Ng4 12. Bb2 Rd2 13. Bc1 Bxc3 14. Bxd2
Bxd2 15. Rad1 Ba5 16. a3 Rd8 17. b4 Rxd1 18. Rxd1 Bc7 19. c5 Nf6 20. f4 Kf8 21.
Rb1 Bc4 22. Bf3 Ke8 23. Rd1 Bd5 24. Rb1 Bxf3 25. exf3 a6 26. Kf2 Nd5 27. Rb3 b5
28. Ke2 a5 29. Kd3 axb4 30. axb4 e5 31. fxe5 Bxe5 32. f4 Bf6 33. Ke2 Bc3 34.
Ra3 Bxb4 35. Ra8+ Kd7 36. Rf8 Ke6 37. Rh8 h5 38. h3 Bxc5 39. g4 hxg4 40. hxg4
Nxf4+ 41. Kd2 Be7 0-1

[Event "CAN-op"]
[Site "Calgary CAN"]
[Date "1996.07.14"]
[Round "2"]
[White "Cabanas, Francisco"]
[Black "Day, Lawrence"]
[Result "1-0"]
[WhiteElo "2060"]
[BlackElo "2431"]
[PlyCount "75"]
[EventDate "1996.07.13"]
[EventType "swiss"]
[EventRounds "10"]
[EventCountry "CAN"]
[SourceDate "2003.08.17"]

1. e4 c5 2. Nc3 g6 3. d3 Bg7 4. Be3 d6 5. g3 Nc6 6. Bg2 e5 7. Qd2 Be6 8. f4
exf4 9. Bxf4 h6 10. Nf3 Nge7 11. O-O Qd7 12. Rae1 Ne5 13. Nxe5 dxe5 14. Be3 c4
15. Nd5 Nxd5 16. exd5 Bxd5 17. Bxd5 Qxd5 18. dxc4 Qxc4 19. Rd1 Qc7 20. Qb4 a5
21. Qa4+ Qc6 22. Qa3 b5 23. Bc5 h5 24. Qe3 Rc8 25. b4 axb4 26. Bxb4 Qc4 27. c3
f6 28. Rf4 Qc7 29. Rfd4 Bf8 30. Rd5 Rh7 31. Qd3 Qb6+ 32. Kh1 Bxb4 33. Qxg6+ Rf7
34. cxb4 Qc6 35. Kg1 h4 36. Rd6 Qc4 37. Qg8+ Rf8 38. Re6+ 1-0

[Event "CAN-op"]
[Site "Calgary CAN"]
[Date "1996.07.14"]
[Round "2"]
[White "Gentes, Kevin"]
[Black "Thibodeau, Paul"]
[Result "1-0"]
[WhiteElo "2373"]
[BlackElo "2051"]
[PlyCount "93"]
[EventDate "1996.07.13"]
[EventType "swiss"]
[EventRounds "10"]
[EventCountry "CAN"]
[SourceDate "2003.08.17"]

1. e4 e5 2. Nf3 Nc6 3. Bb5 a6 4. Ba4 Nf6 5. O-O Be7 6. Re1 b5 7. Bb3 d6 8. c3
Na5 9. Bc2 c5 10. h3 Nc6 11. d4 cxd4 12. cxd4 Bb7 13. Nc3 O-O 14. d5 Nb8 15.
Ne2 Nbd7 16. Ng3 g6 17. Bh6 Re8 18. Qd2 Bf8 19. Bg5 Be7 20. Rac1 Nb6 21. b3
Nfd7 22. Be3 Rc8 23. h4 Bf8 24. h5 Qe7 25. Nh2 Nc5 26. Ng4 Bg7 27. Nh6+ Bxh6
28. Bxh6 Nbd7 29. Bd1 Nf8 30. Bg4 Ra8 31. Bg5 f6 32. Be3 Bc8 33. Bf3 Nfd7 34.
b4 Na4 35. Rc7 Qd8 36. Rec1 Re7 37. Qc2 Nab6 38. Qc6 Nc4 39. Rxc4 bxc4 40. Qxd6
Qe8 41. Bg4 Kf7 42. hxg6+ hxg6 43. Nf5 gxf5 44. Bh5+ Kg7 45. Bxe8 Rxe8 46.
Rxd7+ Bxd7 47. Qxd7+ 1-0

[Event "CAN-op"]
[Site "Calgary CAN"]
[Date "1996.07.14"]
[Round "2"]
[White "Hussain, Azmat"]
[Black "Spraggett, Kevin"]
[Result "0-1"]
[WhiteElo "2026"]
[BlackElo "2600"]
[PlyCount "66"]
[EventDate "1996.07.13"]
[EventType "swiss"]
[EventRounds "10"]
[EventCountry "CAN"]
[SourceDate "2003.08.17"]

1. Nf3 Nf6 2. c4 d6 3. g3 e5 4. d3 Be7 5. Nc3 O-O 6. Bg2 c6 7. O-O Nbd7 8. Qc2
a6 9. d4 Re8 10. Rd1 Qc7 11. b3 Bf8 12. dxe5 dxe5 13. Bb2 h6 14. Nd2 Nc5 15. a3
Bg4 16. f3 Bc8 17. b4 Ne6 18. Nce4 Nxe4 19. Nxe4 c5 20. Qa4 b5 21. cxb5 cxb4
22. axb4 Bd7 23. Rxd7 Qxd7 24. bxa6 Qa7+ 25. Kf1 Nc7 26. Nc3 Qxa6 27. Qxa6 Rxa6
28. b5 Rxa1+ 29. Bxa1 Rb8 30. f4 exf4 31. Bc6 fxg3 32. hxg3 Bb4 33. Na2 Bd6 0-1

[Event "CAN-op"]
[Site "Calgary CAN"]
[Date "1996.07.14"]
[Round "2"]
[White "Usselman, Paul"]
[Black "Smirin, Ilia"]
[Result "0-1"]
[WhiteElo "2085"]
[BlackElo "2625"]
[PlyCount "46"]
[EventDate "1996.07.13"]
[EventType "swiss"]
[EventRounds "10"]
[EventCountry "CAN"]
[SourceDate "2003.08.17"]

1. d4 Nf6 2. c4 g6 3. Nc3 Bg7 4. Nf3 O-O 5. e3 d6 6. Be2 Nbd7 7. Qc2 e5 8. b3
b6 9. Bb2 Bb7 10. dxe5 dxe5 11. O-O-O Qe7 12. h3 e4 13. Nd2 Nc5 14. Rhg1 Rfd8
15. Ndb1 Nfd7 16. Ba3 Qf6 17. b4 Nd3+ 18. Bxd3 exd3 19. Rxd3 Ne5 20. Rxd8+ Rxd8
21. Nd5 Bxd5 22. cxd5 Rxd5 23. Nc3 Nd3+ 0-1

[Event "CAN-op"]
[Site "Calgary CAN"]
[Date "1996.07.14"]
[Round "2"]
[White "Wu, Cynthia"]
[Black "Sharp, Nigel"]
[Result "0-1"]
[WhiteElo "1678"]
[BlackElo "1461"]
[PlyCount "58"]
[EventDate "1996.07.13"]
[EventType "swiss"]
[EventRounds "10"]
[EventCountry "CAN"]
[SourceDate "2003.08.17"]

1. e4 c5 2. Nf3 d6 3. d4 cxd4 4. Nxd4 Nf6 5. Nc3 g6 6. Be3 Bg7 7. f3 O-O 8. Qd2
Nc6 9. Bc4 Bd7 10. O-O-O Rc8 11. Bb3 Ne5 12. Nde2 Nc4 13. Bxc4 Rxc4 14. Bh6
Bxh6 15. Qxh6 Qa5 16. h4 Rfc8 17. h5 Nxh5 18. g4 Nf6 19. g5 Nh5 20. Rxh5 gxh5
21. Rh1 Qe5 22. Rxh5 Qg7 23. f4 b5 24. f5 b4 25. f6 exf6 26. Nd5 Rxc2+ 27. Kb1
fxg5 28. Ne7+ Kh8 29. Nxc8 Qxb2# 0-1

[Event "CAN-op"]
[Site "Calgary CAN"]
[Date "1996.07.14"]
[Round "2"]
[White "Yudasin, Leonid"]
[Black "Odachowski, Arthur"]
[Result "1-0"]
[WhiteElo "2595"]
[BlackElo "2086"]
[PlyCount "73"]
[EventDate "1996.07.13"]
[EventType "swiss"]
[EventRounds "10"]
[EventCountry "CAN"]
[SourceDate "2003.08.17"]

1. e4 c5 2. Nf3 Nc6 3. Bb5 e6 4. O-O Nge7 5. Nc3 a6 6. Bxc6 Nxc6 7. d4 cxd4 8.
Nxd4 Qc7 9. Re1 d6 10. Nxc6 bxc6 11. b3 Be7 12. Qg4 Bf6 13. e5 Bxe5 14. Rxe5 f5
15. Qxf5 dxe5 16. Qf3 Bb7 17. Ba3 c5 18. Qh5+ g6 19. Qg4 O-O 20. Na4 Rae8 21.
Nxc5 Rf4 22. Qe2 Qd6 23. Qe3 Qc6 24. f3 Ref8 25. Re1 R4f5 26. c4 g5 27. h3 h5
28. Ne4 g4 29. Bxf8 gxf3 30. gxf3 Kxf8 31. Qh6+ Ke7 32. Qg7+ Rf7 33. Qg5+ Kf8
34. Qd8+ Kg7 35. Kh2 Rf8 36. Qe7+ Rf7 37. Rg1+ 1-0

[Event "CAN-op"]
[Site "Calgary CAN"]
[Date "1996.07.14"]
[Round "2.26"]
[White "Strojevs, Alexander"]
[Black "Zaradic, Ante"]
[Result "0-1"]
[WhiteElo "1927"]
[BlackElo "2143"]
[PlyCount "66"]
[EventDate "1996.07.13"]
[EventType "swiss"]
[EventRounds "10"]
[EventCountry "CAN"]

1. d4 e6 2. c4 f5 3. Nf3 Nf6 4. g3 Be7 5. Bg2 O-O 6. O-O a5 7. Nc3 Na6 8. Bd2
c6 9. a3 d5 10. cxd5 exd5 11. Ne5 Nc7 12. Bg5 Ne6 13. Bxf6 Bxf6 14. f4 Qb6 15.
e3 Bxe5 16. fxe5 Qxb2 17. Qd3 Qb6 18. Rab1 Qd8 19. Ne2 Qe7 20. a4 Nc7 21. Rfc1
Na6 22. Qb3 Nb4 23. e4 fxe4 24. Bxe4 Kh8 25. Bg2 Bf5 26. Ra1 g5 27. Rf1 Bd3 28.
Qd1 Qe6 29. Rf3 Rxf3 30. Bxf3 Rf8 31. Nc3 Qf5 32. Be2 Qf2+ 33. Kh1 Qxd4 0-1

[Event "CAN-op"]
[Site "Calgary CAN"]
[Date "1996.07.14"]
[Round "3"]
[White "Day, Lawrence"]
[Black "Naumann, Frank"]
[Result "1-0"]
[WhiteElo "2431"]
[BlackElo "1706"]
[PlyCount "71"]
[EventDate "1996.07.13"]
[EventType "swiss"]
[EventRounds "10"]
[EventCountry "CAN"]
[SourceDate "2003.08.17"]

1. e4 e5 2. f4 Nc6 3. Nf3 d6 4. Bb5 Bd7 5. Nc3 Nf6 6. O-O Be7 7. d3 O-O 8. f5
Be8 9. Kh1 d5 10. Bxc6 Bxc6 11. Nxe5 Qe8 12. Nxc6 Qxc6 13. e5 Nd7 14. d4 Qc4
15. f6 gxf6 16. Bh6 Kh8 17. Qg4 Rg8 18. Qxd7 Bf8 19. Rxf6 Bxh6 20. Rxh6 Raf8
21. Nxd5 Qe2 22. Qh3 Rg7 23. Nf6 Qxc2 24. Nh5 Rfg8 25. Nxg7 Rxg7 26. Rg1 Qe4
27. Rh4 Qc6 28. Qc8+ Rg8 29. Qf5 Rg7 30. Qe4 Qb6 31. d5 Rg6 32. Qf5 Rg7 33. e6
fxe6 34. Qf8+ Rg8 35. Qf6+ Rg7 36. Rg4 1-0

[Event "CAN-op"]
[Site "Calgary CAN"]
[Date "1996.07.14"]
[Round "3"]
[White "Ferrar, John"]
[Black "Yudasin, Leonid"]
[Result "0-1"]
[WhiteElo "2272"]
[BlackElo "2595"]
[PlyCount "53"]
[EventDate "1996.07.13"]
[EventType "swiss"]
[EventRounds "10"]
[EventCountry "CAN"]
[SourceDate "2003.08.17"]

1. e4 c5 2. Nf3 d6 3. d4 cxd4 4. Nxd4 Nf6 5. Nc3 a6 6. Bg5 e6 7. f4 Qc7 8. Qf3
b5 9. O-O-O b4 10. e5 Bb7 11. Qh3 dxe5 12. fxe5 Qxe5 13. Bxf6 Qxf6 14. Ncb5
axb5 15. Bxb5+ Ke7 16. Qg3 Nd7 17. Qc7 Qg5+ 18. Kb1 Bd5 19. Qxd7+ Kf6 20. Rhf1+
Kg6 21. Qxf7+ Kh6 22. Nf5+ exf5 23. Qxd5 Be7 24. Rxf5 Qh4 25. g3 Qg4 26. h3 Qg6
27. Be2 0-1

[Event "CAN-op"]
[Site "Calgary CAN"]
[Date "1996.07.14"]
[Round "3"]
[White "Huber, Greg"]
[Black "Niksic, John"]
[Result "1-0"]
[WhiteElo "2381"]
[BlackElo "2134"]
[PlyCount "57"]
[EventDate "1996.07.13"]
[EventType "swiss"]
[EventRounds "10"]
[EventCountry "CAN"]
[SourceDate "2003.08.17"]

1. e4 e6 2. d4 d5 3. Nd2 Nf6 4. e5 Nfd7 5. Bd3 c5 6. c3 Nc6 7. Ne2 b6 8. O-O
Be7 9. Nf3 Bb7 10. Be3 a6 11. Nf4 b5 12. Nh5 g6 13. Ng3 h5 14. h3 Kf8 15. Qd2
Kg7 16. Rad1 Qb6 17. Bb1 a5 18. Ng5 Ba6 19. dxc5 Bxc5 20. Bxc5 Qxc5 21. N3e4
Qa7 22. Nxf7 Kxf7 23. Ng5+ Ke7 24. Nxe6 Ncxe5 25. Qxd5 Qb6 26. Nf4 Ra7 27. Rfe1
Kf6 28. Qxe5+ Nxe5 29. Nd5+ 1-0

[Event "CAN-op"]
[Site "Calgary CAN"]
[Date "1996.07.14"]
[Round "3"]
[White "Leblanc, Paul"]
[Black "Gentes, Kevin"]
[Result "0-1"]
[WhiteElo "2120"]
[BlackElo "2373"]
[PlyCount "68"]
[EventDate "1996.07.13"]
[EventType "swiss"]
[EventRounds "10"]
[EventCountry "CAN"]
[SourceDate "2003.08.17"]

1. c4 e5 2. g3 Nf6 3. Bg2 c6 4. d4 exd4 5. Qxd4 d5 6. Nf3 Be7 7. O-O O-O 8. Nc3
c5 9. Qd3 d4 10. Ne4 Nc6 11. Bd2 Nxe4 12. Qxe4 Be6 13. Qc2 h6 14. Rad1 Qb6 15.
e3 Rfd8 16. exd4 cxd4 17. b3 d3 18. Qb1 Bf5 19. Bc3 Qc5 20. Qb2 Bf8 21. Rfe1
Bh7 22. Ne5 f6 23. Nxc6 bxc6 24. Be4 Bxe4 25. Rxe4 Qf5 26. Rf4 Qh5 27. Qb1 Bc5
28. b4 Rab8 29. a3 a5 30. b5 cxb5 31. Bxa5 bxc4 32. Qc1 Bxa3 33. Qxc4+ Kh8 34.
Qa4 Ra8 0-1

[Event "CAN-op"]
[Site "Calgary CAN"]
[Date "1996.07.14"]
[Round "3"]
[White "Philip, Tim"]
[Black "Yoos, John"]
[Result "1-0"]
[WhiteElo "2186"]
[BlackElo "2445"]
[PlyCount "79"]
[EventDate "1996.07.13"]
[EventType "swiss"]
[EventRounds "10"]
[EventCountry "CAN"]
[SourceDate "2003.08.17"]

1. d4 Nf6 2. c4 g6 3. Nc3 Bg7 4. e4 d6 5. Nf3 O-O 6. Be2 Na6 7. O-O Qe8 8. Rb1
e5 9. d5 Nh5 10. Ne1 Nf4 11. Be3 f5 12. f3 Bh6 13. Bf2 Rf6 14. b4 Bf8 15. Qc2
Nxe2+ 16. Nxe2 f4 17. Bh4 Rf7 18. Nd3 Be7 19. Bxe7 Qxe7 20. c5 g5 21. cxd6 cxd6
22. b5 Nc7 23. b6 axb6 24. Rxb6 Ne8 25. Rb3 g4 26. fxg4 Bxg4 27. Ne1 Qg5 28.
Kh1 Rc7 29. Qb2 Qh4 30. h3 Bh5 31. Nc3 Rac8 32. Nf3 Qg3 33. Ne2 Qg7 34. Rc3 Nf6
35. Rxc7 Rxc7 36. Nc3 Be8 37. Rc1 Qg3 38. Qb4 Rg7 39. Rg1 Bd7 40. Qxd6 1-0

[Event "CAN-op"]
[Site "Calgary CAN"]
[Date "1996.07.14"]
[Round "3"]
[White "Smirin, Ilia"]
[Black "Neven, Knut"]
[Result "1-0"]
[WhiteElo "2625"]
[BlackElo "2220"]
[PlyCount "99"]
[EventDate "1996.07.13"]
[EventType "swiss"]
[EventRounds "10"]
[EventCountry "CAN"]
[SourceDate "2003.08.17"]

1. c4 Nf6 2. Nc3 g6 3. d4 d5 4. cxd5 Nxd5 5. e4 Nxc3 6. bxc3 Bg7 7. Nf3 c5 8.
Rb1 O-O 9. Be2 Nc6 10. d5 Ne5 11. Nxe5 Bxe5 12. Qd2 e6 13. f4 Bc7 14. Bc4 a6
15. a4 b5 16. axb5 axb5 17. Bxb5 exd5 18. Bc6 Ra6 19. Bxd5 Rd6 20. O-O Bf5 21.
Qc2 Rxd5 22. exf5 Rxf5 23. c4 h5 24. g3 Qd4+ 25. Kh1 Rd8 26. Bb2 Qd3 27. Qxd3
Rxd3 28. Rbe1 Rd8 29. h4 Bd6 30. Kg2 Bf8 31. Rd1 Rxd1 32. Rxd1 Bg7 33. Bxg7
Kxg7 34. Kf3 Kf6 35. Ke4 Ke6 36. Rd2 f6 37. Ra2 Kf7 38. Ra7+ Kg8 39. Rd7 Kf8
40. Rd5 Rxd5 41. Kxd5 Ke7 42. Kxc5 Ke6 43. Kb6 Kf5 44. c5 Kg4 45. c6 Kxg3 46.
c7 Kxf4 47. c8=Q g5 48. Qe6 Kg3 49. Qxf6 Kxh4 50. Kc5 1-0

[Event "CAN-op"]
[Site "Calgary CAN"]
[Date "1996.07.14"]
[Round "3"]
[White "Spraggett, Kevin"]
[Black "Maric, Victor"]
[Result "0-1"]
[WhiteElo "2600"]
[BlackElo "2191"]
[PlyCount "111"]
[EventDate "1996.07.13"]
[EventType "swiss"]
[EventRounds "10"]
[EventCountry "CAN"]
[SourceDate "2003.08.17"]

1. c4 Nf6 2. Nf3 g6 3. b3 Bg7 4. Bb2 O-O 5. g3 c6 6. Bg2 d5 7. O-O Bf5 8. d3
Qb6 9. Nbd2 Rd8 10. Qc2 Nbd7 11. Rac1 Rac8 12. Qb1 Bh6 13. Bd4 Qa6 14. cxd5
cxd5 15. Qb2 Qa5 16. h3 Bf8 17. Bc3 Qa6 18. a4 Nc5 19. Nd4 Ne8 20. Nxf5 gxf5
21. Nf3 Bg7 22. Nd4 Qg6 23. Kh2 e5 24. Nf3 d4 25. Bb4 b6 26. Bxc5 bxc5 27. Nd2
Qe6 28. b4 cxb4 29. Qxb4 Rb8 30. Qa5 Qb6 31. Nc4 Qxa5 32. Nxa5 Rb2 33. Nc6 Rd7
34. Rfe1 Nd6 35. Rb1 Rxb1 36. Rxb1 Bf6 37. Rb8+ Kg7 38. Ra8 Rb7 39. Rxa7 Rb2
40. Rd7 Nb7 41. Nxe5 Bxe5 42. Bxb7 Ra2 43. Bd5 Rxa4 44. f4 Bf6 45. Rxf7+ Kg6
46. Rd7 Ra5 47. Bg8 h5 48. Bf7+ Kh6 49. Rd6 h4 50. Rxf6+ Kg7 51. Re6 Kxf7 52.
Re5 Rxe5 53. fxe5 Ke6 54. gxh4 f4 55. Kg2 Kxe5 56. Kf3 0-1

[Event "CAN-op"]
[Site "Calgary CAN"]
[Date "1996.07.14"]
[Round "3"]
[White "Wu, Beatrice"]
[Black "Graves, John"]
[Result "1-0"]
[WhiteElo "1835"]
[BlackElo "2290"]
[PlyCount "49"]
[EventDate "1996.07.13"]
[EventType "swiss"]
[EventRounds "10"]
[EventCountry "CAN"]
[SourceDate "2003.08.17"]

1. e4 c5 2. Nf3 d6 3. d4 cxd4 4. Nxd4 Nf6 5. Nc3 g6 6. Be3 Bg7 7. f3 Nc6 8. Qd2
O-O 9. O-O-O d5 10. Nxc6 bxc6 11. Bh6 Bxh6 12. Qxh6 Qa5 13. e5 Nd7 14. Rd4 Re8
15. Rh4 Nf8 16. Bd3 Rb8 17. a3 Be6 18. Ra4 Qb6 19. Rb4 Qc7 20. Rxb8 Rxb8 21. f4
c5 22. Re1 c4 23. f5 cxd3 24. f6 exf6 25. exf6 1-0